000 00596nam a2200205Ia 4500
005 20250508163224.0
008 008 250505s9999 xx 000 0 eng d
037 _aTextual
040 _aFEDL
_beng
_cFEDL
041 _aeng
_2eng
084 _a152.8, STO
_qFEDL
100 _aStodola Quentin
_9140097
245 0 _aBasic educational tests and measurement
260 _aNew Delhi, India
_bThomson Press Limited.
_c1967
300 _aix,310p
650 _aPsychometry
_9441581
700 _a Stordahl Kalmer
_9774933
942 _cTEXL
_h152.8, STO
999 _c1381602
_d1381602